Bài tập đại số đại cương
Cuốn sách đưa ra các giải các bài toán được in trong cuốn Đại số đại cương của Hoàng Xuân Sính. Sách gồm hai phần; phần 1 tóm tắt lý thuyết và các đề toán, phần 2 lời giải và các hướng dẫn...
Đã lưu trong:
| Príomhúdar: | |
|---|---|
| Formáid: | Leabhar |
| Teanga: | Undetermined |
| Foilsithe: |
Hà Nội
Giáo dục Việt Nam
2011
|
| Ábhair: | |
| Clibeanna: |
Cuir Clib Leis
Gan Chlibeanna, Bí ar an gcéad duine leis an taifead seo a chlibeáil!
|
| Thư viện lưu trữ: | Trung tâm Học liệu Trường Đại học Cần Thơ |
|---|
| LEADER | 01050nam a2200241Ia 4500 | ||
|---|---|---|---|
| 001 | CTU_177383 | ||
| 008 | 210402s9999 xx 000 0 und d | ||
| 020 | |c 32000 | ||
| 082 | |a 512.0076 | ||
| 082 | |b H305 | ||
| 100 | |a Bùi, Huy Hiền | ||
| 245 | 0 | |a Bài tập đại số đại cương | |
| 245 | 0 | |c Bùi Huy Hiền | |
| 260 | |a Hà Nội | ||
| 260 | |b Giáo dục Việt Nam | ||
| 260 | |c 2011 | ||
| 520 | |a Cuốn sách đưa ra các giải các bài toán được in trong cuốn Đại số đại cương của Hoàng Xuân Sính. Sách gồm hai phần; phần 1 tóm tắt lý thuyết và các đề toán, phần 2 lời giải và các hướng dẫn | ||
| 526 | |a Cơ sở logic và lý thuyết tập hợp | ||
| 526 | |b SP101 | ||
| 650 | |a Algebra, abstract,Đại số, tóm tắt | ||
| 650 | |x Problems, exercises, etc,Bài tập, câu hỏi, v..v... | ||
| 904 | |i Hải | ||
| 980 | |a Trung tâm Học liệu Trường Đại học Cần Thơ | ||